| 000 | 00837cam a22002531 4500 | ||
|---|---|---|---|
| 001 | ne 68000255 | ||
| 003 | DLC | ||
| 005 | 20260227111836.0 | ||
| 008 | 840113s19651967ua 000 0 ararc | ||
| 010 | _ane 68000255 | ||
| 035 | _a(OCoLC)10295407 | ||
| 040 |
_aPrinceton Univ. Libr. _cTxU _dDLC |
||
| 050 | 0 | 0 |
_aKBP285 _b.D57 1965 |
| 245 | 0 | 0 |
_aDirāsāt fī fiqh al-Kitāb wa-al-sunnah, _ctaʼlīf Aḥmad ʻAbd al-Munʻim al-Bahī [wa-ākharīn] |
| 260 |
_a[al-Qāhirah] : _bMaṭbaʻat Lajnat al-Bayān al-ʻArabī _c1965-[67] |
||
| 300 |
_a2 v. _c24 cm. |
||
| 500 | _aAt head of title: Jāmiʻat al-Azhar. Kullīyat al-Sharīʻah. | ||
| 504 | _aBibliographical footnotes. | ||
| 650 | 0 | _aIslamic law. | |
| 650 | 0 | _aSunnites | |
| 650 | 0 |
_aIslamic law _vSources |
|
| 650 | 0 | _aZakat | |
| 700 | 1 | _aBahī, Aḥmad ʻAbd al-Munʻim. | |
| 999 |
_c49979 _d49979 |
||